[Event "Speed Chess (Women)"]
[Site "Chess.com INT"]
[Date "2023.11.22"]
[Round "3.6"]
[White "Harika, Dronavalli"]
[Black "Hou, Yifan"]
[Result "1-0"]
[WhiteElo "2509"]
[BlackElo "2632"]
[PlyCount "87"]
[EventDate "2023.11.13"]
[EventType "k.o. (blitz)"]
[EventRounds "3"]
[EventCountry "USA"]
[SourceTitle "CB48_2023"]
[SourceDate "2023.11.29"]
[SourceVersion "1"]
[SourceVersionDate "2023.11.29"]
[SourceQuality "1"]

1. Nf3 d5 2. g3 Nf6 3. Bg2 c5 4. 0-0 h6 5. c4 d4 6. b4 Nc6 7. b5 Nb8 8. d3 Nbd7 9. e3 e5 10. exd4 exd4 11. Re1+ Be7 12. Qe2 Nf8 13. Ne5 Ne6 14. f4 0-0 15. f5 Ng5 16. h4 Ngh7 17. g4 Bd6 18. g5 Re8 19. Bf4 hxg5 20. hxg5 Nxg5 21. Nd2 Bxe5 22. Bxe5 Bxf5 23. Bxf6 Rxe2 24. Bxd8 Rxe1+ 25. Rxe1 Rxd8 26. Bxb7 Bxd3 27. a4 Rd7 28. Bc6 Rd6 29. a5 Ne6 30. Kf2 Kf8 31. a6 Nc7 32. Ra1 g5 33. Be4 Rf6+ 34. Kg3 Be2 35. Bf3 Bd3 36. Be4 Be2 37. Bb7 Nxb5 38. cxb5 Bxb5 39. Ne4 Re6 40. Nxc5 Re3+ 41. Kf2 Rc3 42. Ne4 Rc2+ 43. Kg3 d3 44. Rd1 1-0

[Event "Speed Chess (Women)"]
[Site "Chess.com INT"]
[Date "2023.11.22"]
[Round "3.8"]
[White "Harika, Dronavalli"]
[Black "Hou, Yifan"]
[Result "1/2-1/2"]
[WhiteElo "2509"]
[BlackElo "2632"]
[PlyCount "109"]
[EventDate "2023.11.13"]
[EventType "k.o. (blitz)"]
[EventRounds "3"]
[EventCountry "USA"]
[SourceTitle "CB48_2023"]
[SourceDate "2023.11.29"]
[SourceVersion "1"]
[SourceVersionDate "2023.11.29"]
[SourceQuality "1"]

1. Nf3 d5 2. g3 Nf6 3. Bg2 e6 4. 0-0 Be7 5. d3 0-0 6. Bf4 c5 7. a4 Nc6 8. e4 b6 9. Nc3 Bb7 10. exd5 Nxd5 11. Nxd5 exd5 12. d4 Bf6 13. Be3 Rc8 14. c3 Na5 15. Nd2 cxd4 16. cxd4 Nc6 17. Nb3 Ba6 18. Re1 Nb4 19. Rc1 Qd7 20. a5 h6 21. axb6 axb6 22. Bf3 Rxc1 23. Nxc1 Qc6 24. Be2 Bb7 25. Rf1 Nc2 26. Nd3 Nxe3 27. fxe3 Bg5 28. Nf4 Re8 29. Qd2 Qd6 30. Bf3 Qe7 31. Kf2 Qd6 32. Rc1 Bd8 33. Qc3 g6 34. Qb3 Bg5 35. Re1 Bxf4 36. exf4 Rxe1 37. Kxe1 Qe6+ 38. Kf2 Kg7 39. Qb5 g5 40. Qe2 gxf4 41. gxf4 Qxe2+ 42. Kxe2 Kf6 43. Ke3 Kf5 44. h3 f6 45. Bg4+ Kg6 46. Be6 f5 47. Kd2 Kf6 48. Bg8 Bc6 49. Kc3 Kg7 50. Be6 Kf6 51. Bc8 Kg6 52. Kb4 Kf6 53. Kc3 Kg6 54. Kb4 Kf6 55. Kc3 1/2-1/2

[Event "Speed Chess (Women)"]
[Site "Chess.com INT"]
[Date "2023.11.22"]
[Round "3.10"]
[White "Harika, Dronavalli"]
[Black "Hou, Yifan"]
[Result "0-1"]
[WhiteElo "2509"]
[BlackElo "2632"]
[PlyCount "43"]
[EventDate "2023.11.13"]
[EventType "k.o. (blitz)"]
[EventRounds "3"]
[EventCountry "USA"]
[SourceTitle "CB48_2023"]
[SourceDate "2023.11.29"]
[SourceVersion "1"]
[SourceVersionDate "2023.11.29"]
[SourceQuality "1"]

1. Nf3 Nf6 2. d4 d5 3. Bf4 c5 4. e3 Nc6 5. Nbd2 cxd4 6. exd4 Bg4 7. c3 e6 8. h3 Bxf3 9. Nxf3 Bd6 10. Bg5 h6 11. Bh4 g5 12. Bg3 Bxg3 13. fxg3 Qc7 14. g4 Qg3+ 15. Kd2 Ne4+ 16. Kc2 Nf2 17. Qd2 Nxh1 18. Bb5 Nf2 19. Ne5 Ne4 20. Qe2 0-0 21. Bxc6 bxc6 22. Rf1 0-1

[Event "Speed Chess (Women)"]
[Site "Chess.com INT"]
[Date "2023.11.22"]
[Round "3.3"]
[White "Hou, Yifan"]
[Black "Harika, Dronavalli"]
[Result "1-0"]
[WhiteElo "2632"]
[BlackElo "2509"]
[PlyCount "97"]
[EventDate "2023.11.13"]
[EventType "k.o. (blitz)"]
[EventRounds "3"]
[EventCountry "USA"]
[SourceTitle "CB48_2023"]
[SourceDate "2023.11.29"]
[SourceVersion "1"]
[SourceVersionDate "2023.11.29"]
[SourceQuality "1"]

1. e4 e6 2. d4 d5 3. Nc3 Nf6 4. e5 Nfd7 5. f4 c5 6. Nf3 Nc6 7. Be3 cxd4 8. Nxd4 Qb6 9. a3 Bc5 10. Ncb5 Nxd4 11. Bxd4 0-0 12. b4 Bxd4 13. Qxd4 f6 14. Qxb6 Nxb6 15. Bd3 a5 16. Kd2 Bd7 17. Ke3 Bxb5 18. Bxb5 fxe5 19. fxe5 Rf5 20. Bd3 Rxe5+ 21. Kd4 Rg5 22. Rae1 Kf7 23. Rhf1+ Ke7 24. Bf5 Nc4 25. Bxe6 Kd6 26. h4 Rxg2 27. Bxd5 Rd2+ 28. Kxc4 b5+ 29. Kxb5 Rxd5+ 30. Kc4 a4 31. Kc3 Rc8+ 32. Kb2 Rd2 33. Rc1 Rc4 34. Rf7 Rxh4 35. Rxg7 Kc6 36. Ra7 h5 37. Rxa4 Rhh2 38. Ra6+ Kb5 39. Ra5+ Kb6 40. Rc5 h4 41. Re1 Rhe2 42. Rxe2 Rxe2 43. Rh5 Re4 44. Kb3 Re3+ 45. c3 h3 46. a4 Kb7 47. a5 Rg3 48. b5 Kc7 49. Kb4 1-0

[Event "Speed Chess (Women)"]
[Site "Chess.com INT"]
[Date "2023.11.22"]
[Round "3.21"]
[White "Hou, Yifan"]
[Black "Harika, Dronavalli"]
[Result "1-0"]
[WhiteElo "2632"]
[BlackElo "2509"]
[PlyCount "31"]
[EventDate "2023.11.13"]
[EventType "k.o. (blitz)"]
[EventRounds "3"]
[EventCountry "USA"]
[SourceTitle "CB48_2023"]
[SourceDate "2023.11.29"]
[SourceVersion "1"]
[SourceVersionDate "2023.11.29"]
[SourceQuality "1"]

1. e4 d5 2. exd5 Qxd5 3. Nc3 Qd6 4. d4 Nf6 5. Nf3 c6 6. Ne5 Nbd7 7. Bf4 Nd5 8. Nxd5 Qxd5 9. Nf3 e6 10. Bd3 c5 11. c4 Qh5 12. d5 exd5 13. Qe2+ Kd8 14. 0-0 Be7 15. Rfe1 Re8 16. Bd6 1-0

[Event "Tashkent Zakovat Gambit"]
[Site "Tashkent"]
[Date "2023.11.18"]
[Round "3"]
[White "Hou, Yifan"]
[Black "Kramnik, Vladimir"]
[Result "1/2-1/2"]
[WhiteElo "2628"]
[BlackElo "2753"]
[PlyCount "120"]
[EventDate "2023.11.18"]
[EventType "tourn (blitz)"]
[EventRounds "14"]
[EventCountry "UZB"]
[EventCategory "13"]
[SourceTitle "CB48_2023"]
[SourceDate "2023.11.29"]
[SourceVersion "1"]
[SourceVersionDate "2023.11.29"]
[SourceQuality "1"]

1. e4 c5 2. Nf3 d6 3. d4 cxd4 4. Nxd4 Nf6 5. Nc3 a6 6. h3 g6 7. g4 Bg7 8. Bg2 0-0 9. Be3 Nc6 10. Qd2 Nxd4 11. Bxd4 b5 12. g5 Nh5 13. Bxg7 Nxg7 14. e5 Ra7 15. exd6 Rd7 16. Ne4 Bb7 17. 0-0-0 Bxe4 18. Bxe4 Rxd6 19. Qe3 Qc7 20. Rxd6 Qxd6 21. Rd1 Qe6 22. Bd5 Qxe3+ 23. fxe3 Nf5 24. Rd3 Rb8 25. b4 Kg7 26. Kb2 Nd6 27. e4 f6 28. h4 h6 29. gxh6+ Kxh6 30. e5 fxe5 31. Re3 e4 32. Kb3 g5 33. Bxe4 gxh4 34. Bd3 Rb7 35. a4 Kg5 36. axb5 axb5 37. Re6 h3 38. Rg6+ Kf4 39. Rh6 Kg3 40. Rg6+ Kf4 41. Rh6 Rb6 42. Rxh3 e5 43. Rh4+ Kg5 44. Rh8 e4 45. Be2 Nf5 46. c3 Kf4 47. Rf8 Ke3 48. Rxf5 Kxe2 49. c4 e3 50. cxb5 Kd3 51. Rd5+ Ke4 52. Rd8 Rxb5 53. Re8+ Kf3 54. Kc4 Rb7 55. b5 e2 56. Kc5 Rc7+ 57. Kd6 Rc1 58. Rxe2 Kxe2 59. b6 Rb1 60. Kc7 Rxb6 1/2-1/2

[Event "Tashkent Zakovat Gambit"]
[Site "Tashkent"]
[Date "2023.11.18"]
[Round "1"]
[White "Hou, Yifan"]
[Black "Madaminov, Mukhiddin"]
[Result "1/2-1/2"]
[WhiteElo "2628"]
[BlackElo "2484"]
[PlyCount "138"]
[EventDate "2023.11.18"]
[EventType "tourn (blitz)"]
[EventRounds "14"]
[EventCountry "UZB"]
[EventCategory "13"]
[SourceTitle "CB48_2023"]
[SourceDate "2023.11.29"]
[SourceVersion "1"]
[SourceVersionDate "2023.11.29"]
[SourceQuality "1"]

1. e4 e5 2. Nf3 Nf6 3. Nc3 Nc6 4. Bb5 Nd4 5. Bc4 Bc5 6. d3 d6 7. h3 c6 8. a3 h6 9. Ba2 0-0 10. Nxd4 Bxd4 11. Ne2 Bb6 12. Ng3 d5 13. Qf3 Be6 14. 0-0 Re8 15. Nf5 dxe4 16. dxe4 Bxf5 17. Qxf5 Qe7 18. c3 Rad8 19. a4 a5 20. Qf3 Qd6 21. Bc4 Rf8 22. g3 Nd7 23. Kg2 Nf6 24. b3 Bc5 25. Ra2 Qe7 26. Rd2 Rxd2 27. Bxd2 Rd8 28. Bc1 Ba3 29. Be3 Bc5 30. Qe2 Bxe3 31. Qxe3 Qc7 32. Be2 Rd7 33. Rb1 Qd8 34. Rb2 h5 35. h4 g6 36. Bc4 Kg7 37. Qc5 Ng4 38. Be2 Qf6 39. Bxg4 hxg4 40. Qe3 b5 41. Qe2 Qf3+ 42. Qxf3 gxf3+ 43. Kxf3 Rd3+ 44. Ke2 Rxc3 45. axb5 cxb5 46. Ra2 Rxb3 47. Rxa5 f5 48. Ra7+ Kf6 49. Ra6+ Kf7 50. exf5 gxf5 51. Rb6 b4 52. Kf1 Rb1+ 53. Kg2 b3 54. h5 Kg7 55. Rb5 b2 56. Rb6 Kh7 57. h6 f4 58. gxf4 exf4 59. Kf3 Rh1 60. Rxb2 Kxh6 61. Kxf4 Kg6 62. Rb6+ Kf7 63. Kg5 Rc1 64. f4 Rc7 65. Rh6 Kg7 66. f5 Ra7 67. f6+ Kg8 68. Rh1 Ra2 69. Rg1 Kf7 1/2-1/2

[Event "Tashkent Zakovat Gambit"]
[Site "Tashkent"]
[Date "2023.11.18"]
[Round "2"]
[White "Saydaliev, Saidakbar"]
[Black "Hou, Yifan"]
[Result "0-1"]
[WhiteElo "2426"]
[BlackElo "2628"]
[PlyCount "84"]
[EventDate "2023.11.18"]
[EventType "tourn (blitz)"]
[EventRounds "14"]
[EventCountry "UZB"]
[EventCategory "13"]
[SourceTitle "CB48_2023"]
[SourceDate "2023.11.29"]
[SourceVersion "1"]
[SourceVersionDate "2023.11.29"]
[SourceQuality "1"]

1. e4 c5 2. Nf3 a6 3. c4 e6 4. Nc3 b6 5. d4 cxd4 6. Nxd4 Bb7 7. Be3 d6 8. Bd3 Nf6 9. 0-0 Nbd7 10. Rc1 Nc5 11. f3 Nxd3 12. Qxd3 Be7 13. Rfd1 0-0 14. b4 Qc7 15. Nb3 Nd7 16. Na4 Bc6 17. Nb2 a5 18. b5 Bb7 19. Na4 Rfd8 20. Bf4 Nc5 21. Naxc5 bxc5 22. a4 Qb6 23. Qe2 h6 24. Rd3 Rd7 25. Rcd1 d5 26. Be3 d4 27. Bd2 e5 28. Rf1 Bd6 29. Qe1 Bc7 30. h4 Re7 31. h5 f5 32. exf5 e4 33. f6 Qxf6 34. fxe4 Qb6 35. Bf4 Rxe4 36. Qd2 Bxf4 37. Rxf4 Rae8 38. Rg3 Qd6 39. Rxe4 Bxe4 40. Rg4 Bf5 41. Rf4 Re3 42. Nxa5 Qxf4 0-1

[Event "Speed Chess (Women)"]
[Site "Chess.com INT"]
[Date "2023.11.16"]
[Round "2.3"]
[White "Hou, Yifan"]
[Black "Kosteniuk, Alexandra"]
[Result "1-0"]
[WhiteElo "2632"]
[BlackElo "2526"]
[PlyCount "57"]
[EventDate "2023.11.13"]
[EventType "k.o. (blitz)"]
[EventRounds "3"]
[EventCountry "USA"]
[SourceTitle "CB47_2023"]
[SourceDate "2023.11.22"]
[SourceVersion "1"]
[SourceVersionDate "2023.11.22"]
[SourceQuality "1"]

1. e4 c6 2. Nf3 d5 3. d3 Qc7 4. g3 g6 5. Bg2 Bg7 6. 0-0 Bg4 7. Nc3 d4 8. Ne2 e5 9. c3 c5 10. cxd4 cxd4 11. Bd2 Nc6 12. b4 Qd7 13. b5 Nd8 14. a4 Ne7 15. Bb4 h5 16. Qb3 h4 17. Rac1 h3 18. Bh1 Ne6 19. Rc2 0-0 20. Qa3 Rfe8 21. Rfc1 Bh6 22. Nxe5 Bxc1 23. Qxc1 Qd8 24. Nxg4 Nc8 25. Qh6 Ng7 26. Qxh3 Nh5 27. Bf3 Qg5 28. Bd2 Qe7 29. Nh6+ 1-0

[Event "Speed Chess (Women)"]
[Site "Chess.com INT"]
[Date "2023.11.16"]
[Round "2.7"]
[White "Hou, Yifan"]
[Black "Kosteniuk, Alexandra"]
[Result "1-0"]
[WhiteElo "2632"]
[BlackElo "2526"]
[PlyCount "103"]
[EventDate "2023.11.13"]
[EventType "k.o. (blitz)"]
[EventRounds "3"]
[EventCountry "USA"]
[SourceTitle "CB47_2023"]
[SourceDate "2023.11.22"]
[SourceVersion "1"]
[SourceVersionDate "2023.11.22"]
[SourceQuality "1"]

1. d4 f5 2. Nc3 Nf6 3. Bg5 d5 4. h4 c6 5. h5 Qb6 6. Rb1 Ne4 7. Nxe4 fxe4 8. h6 Bf5 9. e3 Nd7 10. Be2 gxh6 11. Bxh6 Bxh6 12. Rxh6 0-0-0 13. Nh3 e5 14. c3 Rhg8 15. Kf1 Rdf8 16. dxe5 Nxe5 17. Nf4 Ng6 18. Nxg6 Bxg6 19. Qd4 Qxd4 20. cxd4 Rg7 21. Bg4+ Kc7 22. Ke2 a5 23. b3 Bf5 24. Bxf5 Rxf5 25. g3 Rgf7 26. Rh2 Kb6 27. Rc1 h5 28. a3 Kc7 29. Rch1 Kb6 30. Rg2 Kb5 31. Rc1 Kb6 32. a4 Ka6 33. Rh1 Kb6 34. Rh4 Kc7 35. Rgh2 b5 36. Rxh5 bxa4 37. bxa4 Rxh5 38. Rxh5 Rf8 39. Rh7+ Kb6 40. g4 Rg8 41. f3 exf3+ 42. Kxf3 Rf8+ 43. Kg2 Re8 44. Rh3 c5 45. dxc5+ Kxc5 46. g5 Kb4 47. Rh4+ Kc3 48. Kf3 Rf8+ 49. Rf4 Rg8 50. Rg4 Rf8+ 51. Ke2 Rb8 52. g6 1-0

[Event "Speed Chess (Women)"]
[Site "Chess.com INT"]
[Date "2023.11.16"]
[Round "2.9"]
[White "Hou, Yifan"]
[Black "Kosteniuk, Alexandra"]
[Result "1-0"]
[WhiteElo "2632"]
[BlackElo "2526"]
[PlyCount "79"]
[EventDate "2023.11.13"]
[EventType "k.o. (blitz)"]
[EventRounds "3"]
[EventCountry "USA"]
[SourceTitle "CB47_2023"]
[SourceDate "2023.11.22"]
[SourceVersion "1"]
[SourceVersionDate "2023.11.22"]
[SourceQuality "1"]

1. e4 c6 2. Nf3 d5 3. d3 Qc7 4. g3 e5 5. Bg2 Nf6 6. 0-0 dxe4 7. dxe4 Be7 8. Nbd2 Be6 9. b3 Nbd7 10. Bb2 h6 11. Qe2 b5 12. Ne1 0-0 13. Nd3 c5 14. c4 bxc4 15. Nxc4 Bxc4 16. bxc4 Bd6 17. f4 Rfe8 18. Rae1 Nh7 19. Bc3 Nhf8 20. f5 Nh7 21. Nf2 Nb8 22. Ng4 Nc6 23. f6 h5 24. Ne3 g6 25. Nd5 Qd7 26. Rb1 Nd4 27. Qe3 Rab8 28. h3 Bf8 29. Kh2 Qd6 30. Qf2 Rxb1 31. Rxb1 Qc6 32. h4 Qd6 33. Bh3 Rb8 34. Rf1 Rb7 35. g4 hxg4 36. Bxg4 Qb8 37. h5 gxh5 38. Bxh5 Rb1 39. Qg2+ Kh8 40. Bxf7 1-0

[Event "Speed Chess (Women)"]
[Site "Chess.com INT"]
[Date "2023.11.16"]
[Round "2.15"]
[White "Hou, Yifan"]
[Black "Kosteniuk, Alexandra"]
[Result "0-1"]
[WhiteElo "2632"]
[BlackElo "2526"]
[PlyCount "116"]
[EventDate "2023.11.13"]
[EventType "k.o. (blitz)"]
[EventRounds "3"]
[EventCountry "USA"]
[SourceTitle "CB47_2023"]
[SourceDate "2023.11.22"]
[SourceVersion "1"]
[SourceVersionDate "2023.11.22"]
[SourceQuality "1"]

1. e4 e5 2. Nf3 Nf6 3. Nc3 Nc6 4. Bb5 Nd4 5. Bc4 c6 6. d3 d5 7. Bb3 Bg4 8. exd5 Bxf3 9. gxf3 cxd5 10. Ba4+ Nc6 11. Qe2 Bd6 12. Rg1 0-0 13. Bxc6 bxc6 14. Bg5 Kh8 15. f4 exf4 16. 0-0-0 Rb8 17. Qf3 Qb6 18. Bxf6 gxf6 19. b3 Qd4 20. Nb1 Rg8 21. Rxg8+ Rxg8 22. c3 Qe5 23. Kc2 Qf5 24. Nd2 Re8 25. Rg1 Bf8 26. Qg2 Bh6 27. Qf3 a5 28. a4 c5 29. h4 Qe6 30. Kd1 f5 31. Qh5 Qf6 32. Kc2 Bg7 33. Nb1 c4 34. Qg5 cxb3+ 35. Kxb3 Qb6+ 36. Kc2 Re2+ 37. Nd2 Qf6 38. Qxf6 Bxf6 39. f3 Bxh4 40. Kd1 Re3 41. Kc2 Re2 42. Kd1 Rf2 43. Re1 Bg3 44. Re5 Kg7 45. Rxf5 Kg6 46. Rxd5 h5 47. Rxa5 f5 48. Ra6+ Kg5 49. Ra8 h4 50. Rg8+ Kf6 51. Rh8 Rh2 52. a5 h3 53. a6 Rh1+ 54. Kc2 h2 55. a7 Ra1 56. Nf1 Rxa7 57. Kb3 Rb7+ 58. Kc4 Rc7+ 0-1

[Event "Speed Chess (Women)"]
[Site "Chess.com INT"]
[Date "2023.11.16"]
[Round "2.19"]
[White "Hou, Yifan"]
[Black "Kosteniuk, Alexandra"]
[Result "1-0"]
[WhiteElo "2632"]
[BlackElo "2526"]
[PlyCount "153"]
[EventDate "2023.11.13"]
[EventType "k.o. (blitz)"]
[EventRounds "3"]
[EventCountry "USA"]
[SourceTitle "CB47_2023"]
[SourceDate "2023.11.22"]
[SourceVersion "1"]
[SourceVersionDate "2023.11.22"]
[SourceQuality "1"]

1. e4 c6 2. d3 d5 3. Nf3 Qc7 4. g3 e5 5. Bg2 Nf6 6. 0-0 dxe4 7. dxe4 Bc5 8. Nbd2 0-0 9. Qe2 Bg4 10. h3 Bh5 11. Nc4 Nbd7 12. Bg5 Rfe8 13. a3 a5 14. Ncd2 b5 15. Be3 Bf8 16. Qe1 Nc5 17. Nh4 Bg6 18. Nxg6 hxg6 19. Qe2 Ne6 20. Rfd1 Rad8 21. a4 Rb8 22. Nb3 b4 23. Nd2 Nd4 24. Bxd4 exd4 25. Qd3 c5 26. Nc4 Nd7 27. Re1 Bd6 28. b3 Ne5 29. Nxe5 Bxe5 30. Bf1 g5 31. Rad1 g6 32. Qf3 Kg7 33. Bc4 Re7 34. Kg2 Rh8 35. Rh1 Qd7 36. Rde1 Rh6 37. Qe2 Qc7 38. Qg4 Re8 39. Qxg5 Reh8 40. h4 Rh5 41. Qg4 Qe7 42. f4 Bc7 43. e5 Bd8 44. Qf3 Re8 45. Re2 Reh8 46. Qc6 Qf8 47. Qd7 Be7 48. Kf3 Qa8+ 49. Qd5 Qf8 50. Qb7 Qd8 51. Kg2 Qf8 52. Qd5 Qe8 53. Bd3 Qf8 54. Be4 Qe8 55. Bf3 R5h6 56. Bg4 Qf8 57. Qd7 Qd8 58. Qxd8 Bxd8 59. Bf3 Be7 60. Bd5 Rd8 61. Bc4 Rhh8 62. Kf3 Rhf8 63. Rhe1 Rh8 64. Kg4 Rh6 65. Rf1 Rh5 66. f5 Rxf5 67. Rxf5 gxf5+ 68. Kxf5 Rh8 69. Rf2 Rh5+ 70. Ke4 f6 71. exf6+ Bxf6 72. Rf5 Rxf5 73. Kxf5 Be7 74. Ke6 Bf8 75. g4 Kh6 76. Be2 Kg7 77. g5 1-0

[Event "Speed Chess (Women)"]
[Site "Chess.com INT"]
[Date "2023.11.16"]
[Round "2.12"]
[White "Kosteniuk, Alexandra"]
[Black "Hou, Yifan"]
[Result "1/2-1/2"]
[WhiteElo "2526"]
[BlackElo "2632"]
[PlyCount "74"]
[EventDate "2023.11.13"]
[EventType "k.o. (blitz)"]
[EventRounds "3"]
[EventCountry "USA"]
[SourceTitle "CB47_2023"]
[SourceDate "2023.11.22"]
[SourceVersion "1"]
[SourceVersionDate "2023.11.22"]
[SourceQuality "1"]

1. e4 c5 2. c3 d5 3. exd5 Qxd5 4. d4 Nf6 5. Nf3 e6 6. Be2 Nc6 7. 0-0 Be7 8. c4 Qd8 9. dxc5 Qxd1 10. Rxd1 Bxc5 11. Nc3 0-0 12. Bf4 Bd7 13. a3 Rac8 14. b4 Be7 15. Bd6 Bxd6 16. Rxd6 Ne7 17. Rad1 Bc6 18. Ne5 Nf5 19. R6d2 b6 20. Nxc6 Rxc6 21. g4 Ne7 22. g5 Nfd5 23. Nxd5 exd5 24. cxd5 Rc3 25. d6 Ng6 26. d7 Rd8 27. Bb5 Nf4 28. Re1 Ne6 29. a4 Kf8 30. h4 Ke7 31. Re3 Rxe3 32. fxe3 Nf8 33. Rd4 Nxd7 34. Re4+ Kd6 35. Rd4+ Ke7 36. Re4+ Kd6 37. Rd4+ Ke7 1/2-1/2

[Event "Speed Chess (Women)"]
[Site "Chess.com INT"]
[Date "2023.11.16"]
[Round "2.16"]
[White "Kosteniuk, Alexandra"]
[Black "Hou, Yifan"]
[Result "0-1"]
[WhiteElo "2526"]
[BlackElo "2632"]
[PlyCount "100"]
[EventDate "2023.11.13"]
[EventType "k.o. (blitz)"]
[EventRounds "3"]
[EventCountry "USA"]
[SourceTitle "CB47_2023"]
[SourceDate "2023.11.22"]
[SourceVersion "1"]
[SourceVersionDate "2023.11.22"]
[SourceQuality "1"]

1. e4 e6 2. d4 d5 3. Nc3 Bb4 4. e5 c5 5. a3 Bxc3+ 6. bxc3 Nc6 7. Qg4 g6 8. Qf4 Qa5 9. Bd2 c4 10. a4 h6 11. h4 Bd7 12. g4 Qb6 13. Bc1 Qa5 14. Ne2 b5 15. Bg2 Rb8 16. Kf1 b4 17. cxb4 Nxb4 18. Bd2 Qa6 19. Rb1 Qxa4 20. Rh3 Qxc2 21. Rc1 Qa4 22. Rf3 Ne7 23. Qxf7+ Kd8 24. Qg7 Re8 25. Qxh6 Nd3 26. Rxd3 cxd3 27. Nf4 Rb2 28. Nxd3 Bb5 29. Ke2 Bxd3+ 30. Kxd3 Qb5+ 31. Ke3 Rb3+ 32. Kf4 Rf8+ 33. Kg5 Rxf2 34. Qh8+ Qe8 35. Qxe8+ Kxe8 36. Bf4 Rxg2 37. Rc7 a5 38. Ra7 Rb4 39. Ra8+ Kf7 40. Rxa5 Rxd4 41. Ra7 Re4 42. Rb7 d4 43. Rd7 Ke8 44. Ra7 Nd5 45. Ra8+ Kd7 46. Ra7+ Kc6 47. Rf7 Nxf4 48. Rxf4 Rxf4 49. Kxf4 d3 50. h5 gxh5 0-1

[Event "Speed Chess (Women)"]
[Site "Chess.com INT"]
[Date "2023.11.16"]
[Round "2.20"]
[White "Kosteniuk, Alexandra"]
[Black "Hou, Yifan"]
[Result "1/2-1/2"]
[WhiteElo "2526"]
[BlackElo "2632"]
[PlyCount "106"]
[EventDate "2023.11.13"]
[EventType "k.o. (blitz)"]
[EventRounds "3"]
[EventCountry "USA"]
[SourceTitle "CB47_2023"]
[SourceDate "2023.11.22"]
[SourceVersion "1"]
[SourceVersionDate "2023.11.22"]
[SourceQuality "1"]

1. e4 e6 2. d4 d5 3. Nc3 Bb4 4. e5 c5 5. a3 Bxc3+ 6. bxc3 Nc6 7. Qg4 g6 8. Qf4 h6 9. h4 Qa5 10. Bd2 c4 11. a4 Bd7 12. g4 Nge7 13. Ne2 Rh7 14. Bg2 0-0-0 15. 0-0 Qc7 16. Rfb1 Na5 17. Bc1 Re8 18. Ba3 b6 19. Bd6 Qd8 20. Qg3 Kb7 21. Nc1 Nec6 22. Na2 Ka8 23. Nb4 Bc8 24. Nxc6 Nxc6 25. Bb4 Nxb4 26. cxb4 a6 27. b5 a5 28. Ra3 Bb7 29. Rf3 Qe7 30. Rf6 Rc8 31. Qc3 Rc7 32. f4 Ka7 33. Kf2 Rg7 34. Ke3 h5 35. gxh5 gxh5 36. Bf3 Qf8 37. Qe1 Qa3+ 38. c3 Qxa4 39. Qc1 Qa2 40. Qb2 Qxb2 41. Rxb2 Rh7 42. Rg2 Bc8 43. f5 Bd7 44. Rb2 Kb8 45. Kf4 Rc8 46. Rg2 Kc7 47. Rg5 a4 48. Rg2 a3 49. Ra2 Ra8 50. Kg5 Rg8+ 51. Kf4 Ra8 52. Kg5 Rg8+ 53. Kf4 Ra8 1/2-1/2

[Event "Speed Chess (Women)"]
[Site "Chess.com INT"]
[Date "2023.11.16"]
[Round "2.22"]
[White "Kosteniuk, Alexandra"]
[Black "Hou, Yifan"]
[Result "1-0"]
[WhiteElo "2526"]
[BlackElo "2632"]
[PlyCount "89"]
[EventDate "2023.11.13"]
[EventType "k.o. (blitz)"]
[EventRounds "3"]
[EventCountry "USA"]
[SourceTitle "CB47_2023"]
[SourceDate "2023.11.22"]
[SourceVersion "1"]
[SourceVersionDate "2023.11.22"]
[SourceQuality "1"]

1. Nf3 d5 2. g3 Nf6 3. Bg2 e6 4. 0-0 Be7 5. d3 0-0 6. Nbd2 c5 7. b3 Nc6 8. Bb2 b6 9. e4 Bb7 10. Re1 Qc7 11. e5 Nd7 12. Qe2 d4 13. h4 a5 14. a4 Nb4 15. Nc4 Nd5 16. h5 h6 17. Qd2 Bc6 18. g4 f6 19. exf6 N7xf6 20. Rxe6 Bd7 21. Rxe7 Nxe7 22. g5 hxg5 23. Qxg5 Nh7 24. Qxe7 Rae8 25. Qd6 Qxd6 26. Nxd6 Re2 27. Nh4 Ng5 28. Rf1 Rxc2 29. Bc1 Nh3+ 30. Kh2 Rfxf2 31. Rxf2 Nxf2 32. Bd5+ Kh7 33. Bf4 Ne4+ 34. Kg1 Nc3 35. Be4+ Nxe4 36. Nxe4 Bc6 37. Ng3 Bd5 38. Ngf5 Bxb3 39. Ng6 Bxa4 40. Nfe7 Bb5 41. Nf8+ Kh8 42. Be5 Bxd3 43. h6 Rc1+ 44. Kh2 Rc2+ 45. Kg3 1-0

[Event "Speed Chess (Women)"]
[Site "Chess.com INT"]
[Date "2023.11.13"]
[Round "1.3"]
[White "Hou, Yifan"]
[Black "Shuvalova, Polina"]
[Result "1-0"]
[WhiteElo "2632"]
[BlackElo "2497"]
[PlyCount "93"]
[EventDate "2023.11.13"]
[EventType "k.o. (blitz)"]
[EventRounds "3"]
[EventCountry "USA"]
[SourceTitle "CB47_2023"]
[SourceDate "2023.11.22"]
[SourceVersion "1"]
[SourceVersionDate "2023.11.22"]
[SourceQuality "1"]

1. d4 Nf6 2. Nc3 d5 3. Bf4 a6 4. e3 e6 5. g4 Bb4 6. Nge2 0-0 7. g5 Ne4 8. h4 c5 9. a3 Ba5 10. Bg2 Nxc3 11. Nxc3 cxd4 12. exd4 Nc6 13. Qd3 b5 14. h5 Bc7 15. Bxc7 Qxc7 16. g6 fxg6 17. hxg6 h6 18. Nxd5 Qd6 19. Ne7+ Qxe7 20. Bxc6 Bb7 21. Bxb7 Qxb7 22. 0-0-0 Rac8 23. Qe2 Rf6 24. Rhg1 b4 25. axb4 Qxb4 26. Rg3 a5 27. Re3 Rxg6 28. Rxe6 Rg5 29. Rxh6 Rxc2+ 30. Qxc2 gxh6 31. Kb1 a4 32. Ka2 Rb5 33. Qg6+ Kf8 34. Qxh6+ Kf7 35. Qh7+ Kf8 36. Qh8+ Kf7 37. Qh7+ Kf6 38. Qc2 Ra5 39. Rd3 Rb5 40. Rf3+ Ke7 41. Qc7+ Ke6 42. Re3+ Kf5 43. Qf7+ Kg4 44. Rg3+ Kh4 45. Qf4+ Kh5 46. Qg4+ Kh6 47. Qg6# 1-0

[Event "Speed Chess (Women)"]
[Site "Chess.com INT"]
[Date "2023.11.13"]
[Round "1.15"]
[White "Hou, Yifan"]
[Black "Shuvalova, Polina"]
[Result "1-0"]
[WhiteElo "2632"]
[BlackElo "2497"]
[PlyCount "117"]
[EventDate "2023.11.13"]
[EventType "k.o. (blitz)"]
[EventRounds "3"]
[EventCountry "USA"]
[SourceTitle "CB47_2023"]
[SourceDate "2023.11.22"]
[SourceVersion "1"]
[SourceVersionDate "2023.11.22"]
[SourceQuality "1"]

1. e4 c6 2. d4 d5 3. exd5 cxd5 4. c3 Nc6 5. Bf4 Nf6 6. Nd2 Bg4 7. Qb3 Qd7 8. Bd3 e6 9. Ngf3 Bd6 10. Bxd6 Qxd6 11. 0-0 0-0 12. Rae1 Qc7 13. Ne5 Nxe5 14. dxe5 Nd7 15. Qc2 Nxe5 16. Bxh7+ Kh8 17. f4 Nc4 18. Nxc4 Qxc4 19. Bd3 Qc5+ 20. Kh1 g6 21. Qd2 Kg7 22. Re3 Rh8 23. Rg3 Bf5 24. Bxf5 exf5 25. Rd3 Rad8 26. Rd1 Rhe8 27. h3 Re4 28. Kh2 Rd6 29. Rxd5 Rxd5 30. Qxd5 Qf2 31. Qd3 Re2 32. Qg3 Rxb2 33. Qxf2 Rxf2 34. Rd7 Rb2 35. a4 a5 36. Rd5 b6 37. Rd6 Rb3 38. Rc6 Ra3 39. Kg3 Rxa4 40. Rxb6 Rc4 41. Rb3 a4 42. Ra3 Kf6 43. Kf3 Ke6 44. Ke3 Kd5 45. g3 Kc5 46. Kd3 Re4 47. Ra2 Kb5 48. Rb2+ Ka5 49. Rb7 Re1 50. Rxf7 Rg1 51. Kc4 Kb6 52. Rf6+ Ka5 53. Rxg6 a3 54. Rg8 Kb6 55. Ra8 Rxg3 56. Rxa3 Rxh3 57. Kd5 Kb5 58. c4+ Kb4 59. Rxh3 1-0